000 00567nam a2200193Ia 4500
005 20260120132012.0
008 008 260114s9999 xx 000 0 eng d
020 _a9780197704523
037 _aEBOOK
040 _aCRL
_beng
_cCRL
041 _aeng
_2eng
084 _qCRL
100 _aMorris
_9933748
245 4 _aThe Dynamics of Ancient Empires: State Power from Assyria to Byzantium
260 _bOxford University PressOxford University Press
_c2023
856 _uhttps://academic.oup.com/book/47199
942 _cEBOOK
999 _c1525671
_d1525671